Language Quiz

Random Language or Letter Quiz

Every 6 Letter Word (N-Z) Quiz Stats

 Plays Quiz Updated Sep 16, 2012

Score 0/299 Timer 20:00
3 Plays Today
% Correct
QUEERS - QUINTA
78.9%
QUAKER - QUEENS
76.9%
NASIAL - NEARLY
76.5%
NAMELY - NASALS
75.9%
NEROLI - NEWELS
75%
RIVERS - ROCKED
74.5%
PLAINT - PLAYER
74.2%
QURUSH - RACKET
73.8%
SABERS - SADHES
73.8%
NIECES - NINJAS
73.7%
POUTER - PRAXIS
73.6%
NORTHS - NOVICE
73.2%
NEWEST - NIDING
73.1%
NUDNIK - NUTTER
72.8%
OZONES - PAEONS
72.8%
POTHER - POUTED
72.8%
RAZING - REATAS
72.6%
SIMONY - SIPPET
71.9%
ROCKER - RONDEL
71.6%
NABBED - NALEDS
71.6%
SAMEKS - SANJAK
71.3%
POPGUN - POSERS
71.2%
PRIERS - PRISSY
71.1%
NEATEN - NEREIS
71%
RAGGLE - RAKISH
70.9%
OOCYTE - OPERAS
70.9%
POSEUR - POTFUL
70.4%
PASSEE - PATINA
70.2%
PITSAW - PLAINS
69.8%
RIBBER - RIDERS
69.6%
NINONS - NOBODY
69.5%
SADHUS - SAINED
69.4%
ROWELS - RUBOUT
69.4%
PUDDLE - PULPIT
69.2%
ROPING - ROTTER
69.1%
SPOKED - SPRAIN
68.7%
PANDAS - PAPAIN
68.7%
PRAYED - PREOPS
68.6%
STAPHS - STAYED
68.6%
QUINTE - QUOTHA
68.5%
PONCHO - POPERY
68.4%
RESOLD - RETENE
68.4%
RAPINE - RASING
68.4%
STAINS - STAPES
68.3%
PYRONE - QUAKED
68.2%
PLAZAS - PLINKS
68.2%
PROPER - PRUNUS
68.2%
RUGOUS - RUNNER
68.1%
RANCOR - RAPIER
67.9%
RACKLE - RAGGEE
67.8%
PARRAL - PASSED
67.7%
TAMBUR - TANNIC
67.7%
RIDGED - RIGOUR
67.5%
SMOCKS - SNAPPY
67.5%
PATINE - PAVERS
67.5%
PREPAY - PRIDES
67.4%
PURINS - PUTOFF
67.4%
SNORTS - SOCCER
67.4%
ROTTES - ROWANS
67.3%
PAPAWS - PAREUS
67.3%
SPACES - SPASMS
67.2%
SLEETS - SLIPED
67%
SLANGY - SLEEPY
66.8%
OBLONG - OCHRES
66.8%
TRAIKS - TREBLY
66.8%
WARMTH - WATERS
66.7%
PLINTH - PLUSES
66.7%
TILAKS - TINGED
66.7%
RATTER - RAZERS
66.7%
OPERON - ORATED
66.6%
PERUKE - PEYOTE
66.6%
PEACES - PEDALO
66.6%
PAESAN - PALEAL
66.5%
SLUDGE - SMARTS
66.5%
RILING - RIPENS
66.4%
SPATES - SPELTS
66.3%
PALELY - PANAMA
66.3%
PILEUM - PINETA
66.1%
RASPED - RATTEN
66%
RIPEST - RIVALS
66%
RUNOFF - SABBED
65.9%
SYRUPS - TACKET
65.9%
PENILE - PEPPER
65.8%
POLIOS - PONCES
65.8%
PHYTON - PIECED
65.6%
POINTS - POLING
65.5%
ODORED - OGRISH
65.5%
NOCENT - NONETS
65.4%
SAWFLY - SCANTS
65.4%
RUBRIC - RUGOSE
65.3%
SLIPES - SLOYDS
65.3%
TINGES - TIPPLE
65.2%
PUNNED - PURINE
64.9%
SHOOED - SHRANK
64.8%
SOCIAL - SOIREE
64.7%
SOULED - SPACER
64.7%
ORATES - ORGIES
64.6%
SAINTS - SALOOP
64.4%
SETTLE - SHACKO
64.2%
PUTONS - PYROLA
64.1%
% Correct
RALLYE - RANCID
64%
PEDALS - PEGGED
63.8%
PULQUE - PUNKIN
63.8%
OTITIS - OUTBOX
63.7%
TOTHER - TOWERY
63.7%
SUMMAS - SUPERS
63.6%
SCANTY - SCENIC
63.5%
STORER - STRAND
63.5%
SPRANG - SPUING
63.4%
TICKER - TIKKAS
63.3%
TENDER - TENUIS
63.3%
TERMOR - TETRYL
63.2%
STRIKE - STRUMS
63.2%
RONDOS - ROPILY
63.1%
TACKEY - TAKINS
63.1%
TARPAN - TATARS
63.1%
WALING - WANGUN
62.8%
SHACKS - SHAMMY
62.7%
REMELT - RENNET
62.7%
PLUSHY - POINTE
62.7%
SAUCES - SAWERS
62.6%
SCUTES - SEAWAY
62.6%
RENNIN - REPENT
62.4%
RHESUS - RIBBED
62.4%
SIRDAR - SIXTES
62.4%
STAYER - STEMMY
62.4%
SNICKS - SNORES
62.3%
STOKER - STORED
62.3%
SHAMOS - SHARPY
62.2%
SPIRES - SPOILT
61.9%
SQUIBS - STAIGS
61.9%
THEMES - THIRDS
61.8%
TANNIN - TAROTS
61.8%
TEINDS - TENDED
61.8%
SPIFFS - SPIREM
61.7%
SUBSET - SUGARY
61.7%
ZANZAS - ZIBETH
61.7%
WELDOR - WHARVE
61.4%
RETYPE - REWAKE
61.3%
TALARS - TAMBAK
61.3%
STRANG - STRIFE
61.2%
REDOES - REELER
61.2%
SKIVES - SLANGS
61.1%
TATERS - TAWSED
61%
SMARTY - SMITHY
61%
RETEST - RETUSE
60.9%
SPUMED - SQUEGS
60.9%
SOMANS - SORBET
60.8%
STINGS - STOKED
60.7%
WINDED - WIPERS
60.4%
SARONG - SAUCER
60.4%
TRUISM - TUBERS
60.4%
SPELTZ - SPIERS
60.3%
TOOTED - TORIES
60.2%
PRUTAH - PUCKER
60.2%
PAVING - PEACED
59.9%
STENCH - STINGO
59.9%
PRIVET - PROPEL
59.8%
PINTLE - PIRATE
59.8%
SIEGES - SIGNET
59.8%
NUZZLE - OBLIGE
59.6%
SKERRY - SKIVER
59.5%
PIRAYA - PITONS
59.4%
SNARED - SNELLS
59.3%
OVULAR - OZALID
59.3%
SHIERS - SHIVAS
59.2%
SENDED - SEPIAS
59.2%
OCICAT - ODIUMS
59%
SHUTES - SIEGED
58.8%
SCILLA - SCOTIA
58.8%
REBRED - RECLAD
58.6%
OUTBUY - OUTRIG
58.4%
RESENT - RESODS
58.4%
REWARD - RHEMES
58.4%
THREAD - THUJAS
58.3%
RERISE - RESEND
58.2%
TIPTOE - TITTLE
58.2%
SIGNOR - SIMNEL
57.9%
RELIES - REMEET
57.9%
PEINED - PENIAL
57.9%
SUPINE - SUSSES
57.8%
SCOURS - SCRIMS
57.8%
TOWHEE - TRAGUS
57.7%
SEBUMS - SEELED
57.5%
PAREVE - PAROUS
57.5%
NONFAN - NORMED
57.5%
NOWAYS - NUDITY
57.4%
TITTUP - TOILET
57.3%
TUBFUL - TUMOUR
57.3%
TREENS - TRIENE
57%
SCENTS - SCHWAS
56.8%
OGRISM - OLEUMS
56.8%
WANIER - WARMLY
56.7%
SEIZER - SENDAL
56.7%
UTOPIA - VALGUS
56.7%
REFLEW - REGION
56.6%
REAVED - REBOZO
56.5%
SANNOP - SARODS
56.4%
WAGGLY - WALIES
56.3%
PINGED - PINTAS
56.2%
% Correct
PIECER - PILAWS
56.2%
WADDIE - WAGGLE
56.2%
STRUNG - STYLER
56.1%
OSCINE - OTITIC
56%
WOMBAT - WORKED
55.9%
TAWSES - TEASES
55.9%
WIGWAM - WINCEY
55.8%
REIVED - RELIER
55.6%
SOKOLS - SOLVES
55.6%
SORBIC - SOUGHT
55.5%
VALINE - VANMAN
55.4%
SALPAE - SAMEKH
55.2%
REEMIT - REFLET
55%
SIXTHS - SKENES
54.9%
REDATE - REDOCK
54.5%
TOMBOY - TOONIE
54.4%
VERSER - VETOES
54.4%
TROPES - TRUING
54.3%
TOROID - TOTERS
54.2%
ZIBETS - ZOECIA
54.2%
SHAUGH - SHEIKH
54.2%
THIRLS - THRAWS
54.2%
YELLED - YOBBOS
54.1%
OLINGO - OOCYST
53.8%
VANMEN - VAUNTS
53.6%
OUTROW - OVONIC
53.5%
VOTING - WADDER
53.3%
TETTER - THEMED
53.3%
WATERY - WEAKER
53.2%
VOICER - VOTERS
52.9%
THULIA - TICKED
52.9%
SERIFS - SETTER
52.8%
VELLUM - VENTED
52.8%
SEEMED - SEIZED
52.7%
WORKER - WRASSE
52.4%
RECOAL - REDANS
52.4%
TOITED - TOMBED
52.1%
WEDGED - WELDER
51.9%
PEPSIN - PERTLY
51.6%
TURGID - TUSSER
51.6%
SHREDS - SHUTED
51.2%
WHILST - WHIZZY
51.1%
WRATHS - WUSSES
50.9%
WEAKLY - WEDELS
50.9%
YOCKED - YTTRIA
50.9%
VETTED - VIGILS
50.9%
TEATED - TEIIDS
50.8%
SCRIPS - SCUTCH
50.5%
TRIENS - TRIPOD
50.4%
REGIUS - REINKS
50%
VIGORS - VIPERS
49.6%
WHAUPS - WHILOM
49.2%
TUMPED - TURFED
49.2%
SUGHED - SUMMAE
49.1%
SWARMS - SWINGE
49.1%
VIRAGO - VITALS
49%
WHOLES - WIDDIE
48.9%
TYMBAL - UGLILY
48.8%
REPERK - RERIGS
48.8%
URGING - UTMOST
48.8%
STYLES - SUBSEA
48.6%
UNDOES - UNGUIS
48.5%
ORGONE - ORYXES
48.5%
PEYOTL - PHONES
48.4%
ZOFTIG - ZYMASE
48.2%
TRIPOS - TROOPS
47.9%
TWEETS - TYCOON
47.7%
SHEIKS - SHIELS
47.5%
WIDDLE - WIGWAG
47.4%
UPHOVE - UPSEND
47.1%
YARNED - YEELIN
47%
WIPING - WITHES
46.9%
PHONEY - PHYTOL
46.6%
SHIVER - SHOLOM
46.5%
VITRIC - VOICED
46%
TUSSES - TWEENY
45.3%
VENTER - VERSED
45.3%
SWINGS - SWOUNS
44.5%
VAUNTY - VELDTS
44.3%
SEPOYS - SERIES
43.6%
WITHIN - WOMANS
42.6%
UPSENT - UPWIND
40.6%
YACKED - YAREST
40.6%
UNJUST - UNMANS
38%
UMPING - UNCAPS
37.6%
UNCASE - UNDOER
37.4%
SUTLER - SWARFS
37.1%
UNGULA - UNJAMS
37.1%
URACIL - URGERS
35.8%
UNRENT - UNSEWN
34.6%
UNTRIM - UPBEAT
34.5%
UPBIND - UPHOLD
34.4%
UGSOME - UMLAUT
33.6%
TENURE - TERMLY
32.9%
YTTRIC - ZANILY
32.8%
UNSEWS - UNTORN
32.1%
UNMASK - UNREEL
30.3%
WUTHER - YACHTS
30.3%
SYBOES - SYRINX
23.5%

You're not logged in!

Compare scores with friends on all Sporcle quizzes.
OR
Log In

You Might Also Like...

Show Comments

Extras

Top Quizzes Today


Score Distribution

Your Account Isn't Verified!

In order to create a playlist on Sporcle, you need to verify the email address you used during registration. Go to your Sporcle Settings to finish the process.

Report this User

Report this user for behavior that violates our Community Guidelines.

Details: